000 01650cam a2200481Ia 4500
001 72729
005 20230410105325.0
008 040831s2004 fr b 000 0 fre d
035 _a(OCoLC)ocm56394490
040 _aUAB
_bfre
_cUAB
_dOCLCQ
_dUQ1
_dTZT
_dRUQBL
_dBDF
020 _a2707141100
020 _a9782707141101
029 1 _aTZT
_bJTL00237361
029 1 _aZWZ
_b077307747
035 _a(OCoLC)56394490
050 1 4 _aH 8
_bC697
055 4 _aBD 450 B456 2004 F
082 1 4 _a199
_21
100 1 _aBenasayag, Miguel.
245 1 3 _aLe mythe de l'individu /
_cMiguel Benasayag ; traduit et adapté de l'espagnol (argentin) par Anne Weinfeld.
260 _aParis :
_bLa Découverte,
_cc2004.
300 _a176 p. ;
_c19 cm.
490 1 _aCollection Découverte Poche.
_vn . 168
500 _aPublié précédemment en 1998 aux éditions La Découverte dans la collection "Armillaire."
504 _aComprend des réf. bibliogr.
650 6 _aIndividu (Philosophie)
650 6 _aAnthropologie philosophique.
650 6 _aIndividu et société.
650 6 _aPersonne (Philosophie)
650 7 _aIndividu
_2rasuqam
650 7 _aIndividualisme
_2rasuqam
650 7 _aPhilosophie
_2rasuqam
650 7 _aSociété
_2rasuqam
650 7 _aIndividu (philosophie)
_2ram
650 7 _aIndividu et société.
_2ram
650 7 _aIndividualisme.
_2ram
730 0 _aCollection Découverte Poche.
830 0 _aCollection Découverte Poche / Sciences humaines et sociales ;
_vn . 168
938 _aJean Touzot Libraire Editeur
_bTOUZ
_nJTL00237361
_c8,50 EUR
942 _2lcc
_cbk
946 _amjcruz
994 _aC0
_bDRFGD
999 _c34410
_d34410